Cuentos sentimentales /

Guardado en:
Detalles Bibliográficos
Autor principal: Zóshchenko, Mijaíl (autor)
Formato: Libro
Idioma:Español
Publicado: Madrid, España : Armaenia, 2020, c2020
Colección:(Armaenia ; Narrativa) 24.
Temas:
Etiquetas: Agrega una etiqueta
Sin etiquetas, Sé el primero en etiquetar este registro!

MARC

LEADER 00000nam^a2200000^a^4500
001 000628735
005 20260304000000.0
009 20260407175330.962
020 |a 978-84-120039-8-7 
037 |a Acervo ITESO - Biblioteca 
041 |a ESP 
082 |a 891. 7  |b ZOS 
100 |a Zóshchenko, Mijaíl  |e (autor) 
245 1 0 |a Cuentos sentimentales /  |c M. Zóshchenko ; tr. por Rafael Guzmán Tirado. 
264 4 |a Madrid, España :  |b Armaenia,  |c 2020, c2020 
300 |a 240 p. 
336 |a texto  |b txt  |2 rdacontenido 
337 |a sin mediación  |b n  |2 rdamedio 
338 |a volumen  |b nc  |2 rdasoporte 
440 1 |a (Armaenia ;  |v 24.  |p Narrativa) 
500 |a Traducción de: Сентиментальные истории 
521 |a FIL 2025 DIA 
649 |a XX 
650 |a Cuentos Rusos 
650 |a Literatura Rusa -  |y Siglo XX 
650 |a Literatura y Sociedad -  |z Rusia 
910 |a Fondo General 
920 |a Impresos - Libros 
930 |a Colección General 
940 |a Literatura 
905 |a 101 
901 |a 629034-10  |b IT1  |c LIT  |d EN  |i C192615  |u 20260304 
902 |a https://opac.biblio.iteso.mx/vufind/Record/000628735